000 00556nam a22001937a 4500
003 KOHA_MİRAKIL
005 20251221125204.0
008 251221b tu ||||| |||| 00| 0 tur d
020 _a9786256910454
040 _aTR-AnABB
_btur
_cTR-AnABB
041 _atur
082 _a893.1
_bMUH 2023
100 1 _aMuhammed Kâmil Hüseyin,
245 1 0 _aOrtadoğu'nun en uzun günü /
_cMuhammed Kâmil Hüseyin
260 _aİstanbul :
_bKetebe Yayınları,
_c2023
300 _a209 sayfa ;
_c21 cm
650 0 4 _aMısır romanı
942 _2ddc
_cBK
999 _c9824
_d9824
900 _bGizem YORULMAZ